Bariéra Einsteinova

Salvato in:
Dettagli Bibliografici
Autore principale: Kecskés, Martin (Autore)
Altri autori: Šebo, Tomáš (Relatore della tesi)
Natura: Manoscritto Libro
Lingua:slovacco
Pubblicazione: 2025
Soggetti:
Accesso online:http://is.stuba.sk/zp/portal_zp.pl?podrobnosti=185385
Tags: Aggiungi Tag
Nessun Tag, puoi essere il primo ad aggiungerne!!

MARC

LEADER 00000ntm a22000003a 4500
001 stuzp104733
003 SK-STU
005 20250607210757.2
007 ta
008 150427s2015----xo-----f-mn---000-0-slo-d
040 |a STU  |b slo 
041 0 |a slo 
100 1 |a Kecskés, Martin  |u 051110  |4 aut  |U FAD Fakulta architektúry a dizajnu  |T FAD Ústav architektúry obytných budov  |X 103690  |U A1110  |Y 392  |7 103690 
242 0 1 |a Barrier Einsteinova  |y eng 
245 1 0 |a Bariéra Einsteinova 
260 |c 2025 
650 4 |a gallery  |2 eng 
650 4 |a flexibility  |2 eng 
650 4 |a urbanity  |2 eng 
650 4 |a flexibilita  |2 slo 
650 4 |a galéria  |2 slo 
650 4 |a mestotvornosť  |2 slo 
700 1 |a Šebo, Tomáš  |4 ths  |X 79065  |7 79065 
856 4 |u http://is.stuba.sk/zp/portal_zp.pl?podrobnosti=185385